000 00445nam a2200169Ia 4500
003 LK-CoDNM
008 010623t1914 xxu||||| |||| 00| 1 sin d
040 _aLK-CoDNM
_dLK-CoDNM
_eLK-CoDNM
041 _asin
080 _a104 A 8
100 _aMedhananda Thero,Abhidammika
_eed.
245 _aපංචස්කන්දය
246 _aPanchaskandaya
260 _bParamattha Prakashini
_aPanadura
_c1914
300 _b4p, 21 cm
942 _cBK
999 _c88190
_d88190